[Event "World ol U16"]
[Site "Corum"]
[Date "2019.10.30"]
[Round "3.8"]
[White "Svanda, Ondrej"]
[Black "Altundal, Arda"]
[Result "1-0"]
[WhiteElo "2268"]
[BlackElo "1776"]
[PlyCount "91"]
[EventDate "2019.10.29"]
[EventType "team-swiss"]
[EventRounds "9"]
[EventCountry "TUR"]
[SourceTitle "CBM 192 Extra"]
[Source "Chessbase"]
[SourceDate "2019.11.06"]
[SourceVersion "1"]
[SourceVersionDate "2019.11.06"]
[SourceQuality "1"]
[WhiteTeam "Czech Republic"]
[BlackTeam "Turkey Corum"]
[WhiteTeamCountry "CZE"]
[BlackTeamCountry "TUR"]

1. Nf3 d5 2. c4 e6 3. g3 g6 4. Bg2 Bg7 5. 0-0 Nf6 6. d4 0-0 7. Nbd2 b6 8. b3 Bb7 9. Bb2 Nbd7 10. Qc2 c5 11. e3 Rc8 12. Rac1 Qe7 13. Qb1 Rfd8 14. Qa1 Ne4 15. Nxe4 dxe4 16. Nd2 f5 17. Rfd1 e5 18. d5 Qd6 19. Re1 Bf6 20. a3 Kf7 21. Bh3 Qf8 22. Rf1 Qh6 23. Bg2 Ke7 24. Rce1 Rf8 25. f3 exf3 26. Nxf3 e4 27. Bxf6+ Nxf6 28. Qe5+ Kf7 29. Qe6+ Kg7 30. Nh4 Rfe8 31. Qxf5 g5 32. Qxf6+ Qxf6 33. Rxf6 Kxf6 34. Rf1+ Ke5 35. Rf5+ Kd6 36. Rxg5 Re5 37. Nf5+ Kc7 38. Rg7+ Kd8 39. Nd6 Rc7 40. Nxb7+ Kc8 41. Nd6+ Kd8 42. Rxc7 Kxc7 43. Nxe4 a6 44. Kf2 Rf5+ 45. Ke2 Kd7 46. Bh3 1-0

[Event "TUR-chT 2nd League"]
[Site "Konya"]
[Date "2019.07.27"]
[Round "8.13"]
[White "Altundal, Arda"]
[Black "Aydin, Mert Dogan"]
[Result "0-1"]
[WhiteElo "1707"]
[BlackElo "1605"]
[PlyCount "82"]
[EventDate "2019.07.22"]
[EventType "team-swiss"]
[EventRounds "9"]
[EventCountry "TUR"]
[SourceTitle "CBM 191 Extra"]
[Source "ChessBase"]
[SourceDate "2019.09.30"]
[SourceVersion "1"]
[SourceVersionDate "2019.09.30"]
[SourceQuality "1"]
[WhiteTeam "Corum Belediye"]
[BlackTeam "Hayat Genclik"]
[WhiteTeamCountry "TUR"]
[BlackTeamCountry "TUR"]

1. c4 Nf6 2. Nc3 e6 3. e4 d5 4. e5 Nfd7 5. d4 dxc4 6. Bxc4 c5 7. Nf3 a6 8. d5 Nb6 9. b3 Nxd5 10. Nxd5 exd5 11. Qxd5 Qxd5 12. Bxd5 Be7 13. Be3 Nd7 14. Rc1 Rb8 15. 0-0 b6 16. Rfd1 Bb7 17. Bxf7+ Kxf7 18. Rxd7 Ke6 19. Rcd1 h6 20. Ne1 Rhd8 21. Rxd8 Rxd8 22. Rxd8 Bxd8 23. f4 Be4 24. a3 a5 25. Bd2 Kf5 26. g3 g5 27. Ng2 Bxg2 28. Kxg2 Ke4 29. b4 cxb4 30. axb4 a4 31. Bc1 Be7 32. fxg5 hxg5 33. Ba3 Kxe5 34. Kf3 Kd4 35. Kg4 Kc3 36. h4 gxh4 37. gxh4 Bxb4 38. Bxb4+ Kxb4 39. h5 a3 40. h6 a2 41. h7 a1Q 0-1

[Event "TUR-chT 2nd League"]
[Site "Konya"]
[Date "2019.07.23"]
[Round "3.12"]
[White "Coskun, Emre"]
[Black "Altundal, Arda"]
[Result "1/2-1/2"]
[WhiteElo "1670"]
[BlackElo "1707"]
[PlyCount "101"]
[EventDate "2019.07.22"]
[EventType "team-swiss"]
[EventRounds "9"]
[EventCountry "TUR"]
[SourceTitle "CBM 191 Extra"]
[Source "ChessBase"]
[SourceDate "2019.09.30"]
[SourceVersion "1"]
[SourceVersionDate "2019.09.30"]
[SourceQuality "1"]
[WhiteTeam "Mardin Kale"]
[BlackTeam "Corum Belediye"]
[WhiteTeamCountry "TUR"]
[BlackTeamCountry "TUR"]

1. e4 c5 2. Nc3 Nc6 3. g3 g6 4. Bg2 Bg7 5. d3 e6 6. Nge2 Nge7 7. Bg5 d6 8. Qd2 0-0 9. h4 f6 10. Be3 b6 11. 0-0 d5 12. exd5 Nxd5 13. Nxd5 exd5 14. d4 c4 15. Nf4 Ne7 16. Qe2 Qd6 17. Bd2 Bb7 18. Ne6 Rf7 19. Bf4 Qc6 20. c3 Nf5 21. Nxg7 Nxg7 22. Rfe1 Re8 23. Qd2 Rfe7 24. g4 Rxe1+ 25. Rxe1 Rxe1+ 26. Qxe1 Ne6 27. Bg3 b5 28. f4 Kf7 29. Qe3 Ng7 30. Qf3 Qe6 31. h5 Qe4 32. Qf2 Qe7 33. h6 Ne8 34. f5 g5 35. Bf3 Nd6 36. Bxd6 Qxd6 37. Qe3 a5 38. Bd1 Bc6 39. a3 Bd7 40. Bf3 Bc6 41. Kf1 a4 42. Ke2 Bd7 43. Kd1 Bc6 44. Kc1 Bd7 45. Kb1 Bc6 46. Bd1 Qe7 47. Qg3 Qd6 48. Bf3 Qd8 49. Qh2 Kg8 50. Kc2 Kf7 51. Kb1 1/2-1/2

[Event "Hatay op 10th"]
[Site "Hatay"]
[Date "2018.09.06"]
[Round "5"]
[White "Altundal, Arda"]
[Black "Coskun, Emre"]
[Result "1/2-1/2"]
[WhiteElo "1618"]
[BlackElo "1675"]
[PlyCount "39"]
[EventDate "2018.09.02"]
[EventType "swiss"]
[EventRounds "9"]
[EventCountry "TUR"]
[SourceTitle "CBM 186 Extra"]
[Source "ChessBase"]
[SourceDate "2018.08.24"]
[SourceVersion "1"]
[SourceVersionDate "2018.08.24"]
[SourceQuality "1"]

1. e4 e5 2. Nf3 Nc6 3. Bb5 a6 4. Ba4 Nf6 5. 0-0 Be7 6. d3 b5 7. Bb3 0-0 8. c3 d6 9. Be3 h6 10. Nbd2 Re8 11. d4 Bb7 12. Re1 Bf8 13. d5 Ne7 14. Qc2 c5 15. c4 g5 16. h3 Ng6 17. g4 Qd7 18. Nh2 Be7 19. f3 Kg7 20. Kf2 1/2-1/2

[Event "TUR-chT 2nd League"]
[Site "Konya"]
[Date "2018.07.21"]
[Round "8.5"]
[White "Ozdemir, Serhan Berat"]
[Black "Altundal, Arda"]
[Result "1-0"]
[WhiteElo "1893"]
[BlackElo "1560"]
[PlyCount "67"]
[EventDate "2018.07.16"]
[EventType "team-swiss"]
[EventRounds "9"]
[EventCountry "TUR"]
[SourceTitle "EXT 2019"]
[Source "ChessBase"]
[SourceDate "2018.10.10"]
[SourceVersion "1"]
[SourceVersionDate "2018.10.10"]
[SourceQuality "1"]
[WhiteTeam "Koroglu Dernegi"]
[BlackTeam "Corum Belediye"]
[WhiteTeamCountry "TUR"]
[BlackTeamCountry "TUR"]

1. c4 Nf6 2. Nc3 e5 3. g3 d6 4. Bg2 Be7 5. d3 0-0 6. e4 Nc6 7. Nge2 Be6 8. 0-0 Nd7 9. f4 exf4 10. Nxf4 Bf6 11. Be3 Nd4 12. Kh1 c6 13. h3 a5 14. Nce2 Qb6 15. Nxe6 fxe6 16. Rxf6 Nxf6 17. Nxd4 e5 18. Nf5 c5 19. g4 g6 20. g5 Nh5 21. Ne7+ Kg7 22. Rb1 Qc7 23. Nd5 Qf7 24. Qg4 b5 25. cxb5 Qb7 26. b6 Rf7 27. Nc7 Rb8 28. Qe6 Qxb6 29. Ne8+ Kg8 30. Nxd6 Rbf8 31. Kh2 Nf4 32. Bxf4 exf4 33. Rf1 Qxb2 34. Rxf4 1-0

[Event "TUR-chT 2nd League"]
[Site "Konya"]
[Date "2018.07.19"]
[Round "5.8"]
[White "Altundal, Arda"]
[Black "Ekinci, Berkay"]
[Result "1-0"]
[WhiteElo "1560"]
[BlackElo "1714"]
[PlyCount "69"]
[EventDate "2018.07.16"]
[EventType "team-swiss"]
[EventRounds "9"]
[EventCountry "TUR"]
[SourceTitle "EXT 2019"]
[Source "ChessBase"]
[SourceDate "2018.10.10"]
[SourceVersion "1"]
[SourceVersionDate "2018.10.10"]
[SourceQuality "1"]
[WhiteTeam "Corum Belediye"]
[BlackTeam "Istanbul Sisli"]
[WhiteTeamCountry "TUR"]
[BlackTeamCountry "TUR"]

1. e4 c6 2. d4 d6 3. c4 Nf6 4. Nc3 e5 5. Be3 Ng4 6. Qd2 Nxe3 7. Qxe3 Be7 8. Nf3 Bf6 9. 0-0-0 Qe7 10. h3 h5 11. Be2 h4 12. Rd2 Nd7 13. dxe5 Nxe5 14. Rhd1 Nxf3 15. gxf3 Bxh3 16. f4 Bg2 17. Rxd6 h3 18. Bf3 Bxf3 19. Qxf3 h2 20. e5 Bh4 21. Qh3 g5 22. Ne4 h1Q 23. Qxh1 gxf4 24. e6 f5 25. Nc5 Bf6 26. Qe1 Qc7 27. e7 Qb6 28. Rxf6 Qxc5 29. Re6 Qxc4+ 30. Kb1 Rh7 31. Qe5 Rh2 32. Rd8+ Rxd8 33. exd8Q+ Kxd8 34. Re8+ Kd7 35. Qe7# 1-0

[Event "TUR-chT 2nd League"]
[Site "Konya"]
[Date "2017.07.20"]
[Round "6.11"]
[White "Altundal, Arda"]
[Black "Mengilli, Ali Deniz"]
[Result "1-0"]
[WhiteElo "1296"]
[BlackElo "1239"]
[PlyCount "71"]
[EventDate "2017.07.17"]
[EventType "team-swiss"]
[EventRounds "9"]
[EventCountry "TUR"]
[SourceTitle "CBM 179 Extra"]
[Source "ChessBase"]
[SourceDate "2017.08.23"]
[SourceVersion "1"]
[SourceVersionDate "2017.08.23"]
[SourceQuality "1"]
[WhiteTeam "Corum Belediye"]
[BlackTeam "Mardin Kale"]
[WhiteTeamCountry "TUR"]
[BlackTeamCountry "TUR"]

1. d4 Nf6 2. c4 g6 3. Nc3 Bg7 4. e4 d6 5. f3 0-0 6. Bd3 Nbd7 7. Be3 c5 8. d5 Qb6 9. Qd2 Ne5 10. Rb1 Qb4 11. a3 Qb3 12. Qd1 Nxd3+ 13. Qxd3 b6 14. Nge2 Ba6 15. Qd2 Qxc4 16. 0-0 Nd7 17. f4 Bxc3 18. Nxc3 Qd3 19. Qf2 Nf6 20. Qf3 Ng4 21. Rfe1 Nxe3 22. Rxe3 Qd4 23. Rd1 Qg7 24. e5 Bb7 25. Nb5 a6 26. Nc7 Rac8 27. exd6 exd6 28. Re7 Qxb2 29. Rde1 Qd2 30. Ne8 Qd4+ 31. Kh1 Bxd5 32. Qxd5 Qxf4 33. Qb7 Rd8 34. Qc7 Ra8 35. Nxd6 Qg5 36. Nxf7 1-0

[Event "TUR-chT 2nd League"]
[Site "Konya"]
[Date "2017.07.18"]
[Round "3.16"]
[White "Cakir, Ege"]
[Black "Altundal, Arda"]
[Result "1/2-1/2"]
[WhiteElo "1287"]
[BlackElo "1296"]
[PlyCount "71"]
[EventDate "2017.07.17"]
[EventType "team-swiss"]
[EventRounds "9"]
[EventCountry "TUR"]
[SourceTitle "CBM 179 Extra"]
[Source "ChessBase"]
[SourceDate "2017.08.23"]
[SourceVersion "1"]
[SourceVersionDate "2017.08.23"]
[SourceQuality "1"]
[WhiteTeam "Antalya Deniz Genclik"]
[BlackTeam "Corum Belediye"]
[WhiteTeamCountry "TUR"]
[BlackTeamCountry "TUR"]

1. Nf3 d6 2. d4 g6 3. g3 Bg7 4. Bg2 Nf6 5. 0-0 0-0 6. c4 Nbd7 7. Nc3 c5 8. d5 a6 9. e4 Ng4 10. h3 Nge5 11. Nxe5 Nxe5 12. Qe2 Rb8 13. f4 Nd7 14. Kh2 b5 15. cxb5 axb5 16. Nxb5 Ba6 17. a4 Qa5 18. Bd2 Bxb5 19. axb5 Qxb5 20. Qxb5 Rxb5 21. Bc3 Rfb8 22. Ra7 R5b7 23. Rfa1 Nb6 24. Bf1 c4 25. Bg2 Bxc3 26. bxc3 Kf8 27. Bf1 Rxa7 28. Rxa7 Rc8 29. Ra6 Rb8 30. Ra7 Rc8 31. Ra6 Rb8 32. Ra7 Rc8 33. Ra6 Rb8 34. Ra7 Rc8 35. Ra6 Rb8 36. Ra7 1/2-1/2